000
00263nam a22001217a 4500
008
190305b xxu||||| |||| 00| 0 eng d
041
_a
eng
080
_2
21th
_a
038
100
_a
23
101
_a
FJA
245
_a
Medical Dictionary
_c
Asimow,I
942
_2
udc
_c
BK
999
_c
54451
_d
54451